Home Print Resources E-Books E-Journals IIMT Lecture Series Library Membership Form Book Recommendation Form Campus Tour Take AdmissionAbout Us Contact Us

PRINCIPLES OF MAHOMEDAN LAW (Record no. 64677)

000 -LEADER
fixed length control field 00347nam a22001577a 4500
005 - DATE & TIME
control field 20241202153921.0
008 - FIXED-LENGTH DATA ELEMENTS--GENERAL INFORMATION
fixed length control field 241202b |||||||| |||| 00| 0 eng d
040 ## - CATALOGING SOURCE
Original cataloging agency IIMT University College of Law
082 ## - DDC NUMBER
Classification number 340.59 MUL
100 ## - MAIN ENTRY--PERSONAL NAME
Personal name MULLA
245 ## - TITLE STATEMENT
Title PRINCIPLES OF MAHOMEDAN LAW
260 ## - PUBLICATION, DISTRIBUTION, ETC. (IMPRINT)
Place of publication, distribution, etc LEXIS NEXIS
300 ## - PHYSICAL DESCRIPTION
Pages 872
650 ## - Subject
Subject MAHOMEDAN LAW
942 ## - ADDED ENTRY ELEMENTS (KOHA)
Koha item type General Book
952 ## - LOCATION AND ITEM INFORMATION (KOHA)
-- 2025-03-10
-- 2024-12-02
952 ## - LOCATION AND ITEM INFORMATION (KOHA)
-- 2025-03-10
-- 2024-12-02
Holdings
Withdrawn status Lost status Source of classification or shelving scheme Damaged status Not for loan Location (home branch) Sublocation or collection (holding branch) Date acquired Source of Acquisition Cost Normal purchase price Koha issues (times borrowed) Koha full call number Accession No. Koha date last seen Koha item type
          IIMT University College of Law IIMT University College of Law 12/02/2024 WESTERN LAW HOUSE 1795.00 1 340.59 MUL 04-B-11683 03/21/2025 General Book
          IIMT University College of Law IIMT University College of Law 12/02/2024 WESTERN LAW HOUSE 1795.00 2 340.59 MUL 04-B-11684 03/19/2025 General Book
IIMT, Central Library. All Rights Reserved IIMT,UNIVERSITY © 2023
Implemented and Customised by I CLOUDE EMS
You Are OPAC Visitor No
free web counter

Powered by Koha